| 000 | 00631nam a22001697a 4500 | ||
|---|---|---|---|
| 003 | SGT | ||
| 020 | _a9788120349490 | ||
| 082 | _a657, NAR | ||
| 100 | _aNARAYANASWAMY R. | ||
| 245 | _aFINANCIAL ACCOUNTING :A MANAGERIAL PERSPECTIVE | ||
| 250 | _a5TH | ||
| 260 |
_aNEW DELHI _bPHI _c 2015 |
||
| 300 | _a650 | ||
| 650 | _aACCOUNTING | ||
| 653 | _a.Accounting and Economic Decisions, Processing Transactions, Measuring Income, Accounting for Merchandising Transactions, Inventories, Fixed Assets, Investments, Liabilities, Shareholders’ Equity, Financial Statement Analysis, Cash Flow Statement. | ||
| 942 |
_2ddc _cFCM _02 |
||
| 999 |
_c9167 _d9167 |
||